| 000 | 00409caa a22001572a 4500 | ||
|---|---|---|---|
| 001 | 007717 | ||
| 003 | AR-FADEU | ||
| 008 | 311216n########xxu####################dd | ||
| 092 |
_a820.914 _bN532 |
||
| 100 | _aGordimer, Nadine | ||
| 245 | _aHomage | ||
| 300 | _aPP. 404-409 | ||
| 500 | _aEn: New writing 4 /ed. A. S. Byatt. London : Vitage / The British Council, 1995 | ||
| 546 | _aInglés | ||
| 942 | _cBDGR | ||
| 999 |
_c13531 _d13531 |
||